|
|
|
|
| LEADER |
01098nam a22002892a 4500 |
| 001 |
000486091 |
| 003 |
CZ BrMZK |
| 005 |
20210222184520.0 |
| 007 |
ta |
| 008 |
000105s1999 xr g f ger d |
| 040 |
|
|
|a BOA001
|b cze
|
| 072 |
|
7 |
|a 821.112.2
|x Německá literatura, německy psaná
|2 Konspekt
|9 25
|
| 080 |
|
|
|a 821.112.2(494)-31
|2 MRF
|
| 080 |
|
|
|a (0:82-31)
|2 MRF
|
| 100 |
1 |
|
|a Keller, Gottfried,
|d 1819-1890
|7 jn19990004250
|
| 245 |
1 |
4 |
|a Der grüne Heinrich /
|c G. Keller ; herausg. von A. Bernt und K. Weps ; mit einer Einführg. von J. Körner. Bd. 2
|
| 260 |
|
|
|a Reichenberg (1921) :
|b Stiepel
|
| 300 |
|
|
|a 1 nestránkovaný svazek.
|
| 490 |
1 |
|
|a Bücher der Deutschen ;
|v Bd. 18
|
| 655 |
|
7 |
|a švýcarské romány (německy)
|7 fd139323
|2 czenas
|
| 700 |
1 |
|
|a Körner, Josef,
|d 1888-1950
|7 jn20030414003
|
| 700 |
1 |
|
|a Weps, Karl
|7 mzk2009539794
|
| 700 |
1 |
|
|a Bernt, Alois,
|d 1871-1945
|7 ola2003167551
|
| 830 |
|
0 |
|a Bücher der Deutschen
|
| 910 |
|
|
|a BOA001
|b 1-0169.121,18
|
| 990 |
|
|
|a BK
|
| 996 |
7 |
|
|b 2619753590
|c 1-0169.121,18
|l MZK
|r Sklad / do 1 hodiny
|n 4
|w 000486091
|u 000010
|a 1
|e BOA001
|j MZK50
|s A
|